The implications of extreme weather events for hospital design and facilities management (Record no. 111872)

MARC details
000 -LEADER
fixed length control field 01067cad a22002655a 4500
001 - CONTROL NUMBER
control field E152119
008 - FIXED-LENGTH DATA ELEMENTS--GENERAL INFORMATION
fixed length control field 110201s2010 xxk f 100 0 eng d
020 ## - INTERNATIONAL STANDARD BOOK NUMBER
International Standard Book Number 9781842196199
035 ## - SYSTEM CONTROL NUMBER
System control number (Sirsi) u152119
041 0# - LANGUAGE CODE
Language code of text/sound track or separate title eng
100 1# - MAIN ENTRY--PERSONAL NAME
Personal name Carthey, Jane
111 2# - MAIN ENTRY--MEETING NAME
Meeting name or jurisdiction name as entry element Construction and Building Research Conference
Location of meeting Dauphine Universite, Paris
Date of meeting or treaty signing 2-3 September 2010
245 04 - TITLE STATEMENT
Title The implications of extreme weather events for hospital design and facilities management
Remainder of title a case study approach
Medium [electronic resource]
260 ## - PUBLICATION, DISTRIBUTION, ETC.
Place of publication, distribution, etc. London
Name of publisher, distributor, etc. RICS
Date of publication, distribution, etc. 2010
520 ## - SUMMARY, ETC.
Summary, etc. A paper presented at the COBRA Conference in Paris on 2-3 September 2010.
590 ## - LOCAL NOTE (RLIN)
Local note KA
650 24 - SUBJECT ADDED ENTRY--TOPICAL TERM
Topical term or geographic name entry element CONSTRUCTION AND BUILDING RESEARCH CONFERENCE (COBRA)
651 #4 - SUBJECT ADDED ENTRY--GEOGRAPHIC NAME
Geographic name Australia
690 ## - LOCAL SUBJECT ADDED ENTRY--TOPICAL TERM (OCLC, RLIN)
Topical term or geographic name as entry element PROPERTY-OTHER PROPERTY TYPES-HEALTHCARE AND WELFARE PROPERTY
700 1# - ADDED ENTRY--PERSONAL NAME
Personal name Loosemore, Martin
700 1# - ADDED ENTRY--PERSONAL NAME
Personal name Chandra, Venny
700 1# - ADDED ENTRY--PERSONAL NAME
Personal name Chand, Anumitra Mirti
856 40 - ELECTRONIC LOCATION AND ACCESS
Uniform Resource Identifier <a href="https://www.rics.org/site/scripts/download_info.aspx?fileID=7843&categoryID=720">https://www.rics.org/site/scripts/download_info.aspx?fileID=7843&categoryID=720</a>
Public note Broken link - not available
942 ## - ADDED ENTRY ELEMENTS (KOHA)
Suppress in OPAC 0
Holdings
Withdrawn status Lost status Source of classification or shelving scheme Damaged status Not for loan Home library Current library Shelving location Date acquired Total Checkouts Full call number Barcode Date last seen Copy number Price effective from Koha item type
    Dewey Decimal Classification     Virtual Virtual Online 01/02/2011   ONLINE PUBLICATION 152119-1001 06/08/2019 1 06/08/2019 Book